Paesi in cui si trovano Elefanti - Statistics

Statistiche generali
  • Questo quiz è stato fatto 16 volte
  • Il punteggio medio è 43 su 47
Statistiche sulle risposte
Hint Risposta % Corretto
Africa Angola
100%
Asia Bangladesh
100%
Birmania
100%
Cambogia
100%
India
100%
Laos
100%
Mali
100%
Senegal
100%
Sierra Leone
100%
Sudafrica
100%
Thailandia
100%
Vietnam
100%
Zambia
100%
Zimbabwe
100%
Botswana
93%
Ciad
93%
Costa d'Avorio
93%
Etiopia
93%
Gabon
93%
Ghana
93%
Kenya
93%
Namibia
93%
Niger
93%
Nigeria
93%
Repubblica del Congo
93%
Repubblica Democratica del Congo
93%
Somalia
93%
Sri Lanka
93%
Togo
93%
Benin
87%
Burkina Faso
87%
Camerun
87%
Cina
87%
Guinea
87%
Guinea-Bissau
87%
Guinea Equatoriale
87%
Indonesia
87%
Mozambico
87%
Nepal
87%
Repubblica Centrafricana
87%
Tanzania
87%
Uganda
87%
Liberia
80%
Malesia
80%
Bhutan
73%
Malawi
73%
Sud Sudan
73%
Nessun quiz corrispondente trovato
Distribuzione punteggi
Percentuale di utenti per punteggio
Percentile per numero di risposta
I tuoi punteggi nel tempo
Non hai fatto questo quiz